[Jazykové vzdělávání ve firmách]

Z obsahu - Aj pre jazykovú výuku platí time management, Ako vyberať vhodnú jazykovú školu, Koľko jazykov poznáte, toľkokrát viac šancí máte, K jazykovému vzdelávaniu pristupujme diferencovane, Potrebujete naliehavo dobrých prekladateľov ? Východiskom je jazykový audit, Meranie efektívnosti jazykovej...

Descrizione completa

Salvato in:
Dettagli Bibliografici
Natura: Capitolo di libro
Lingua:ceco
Soggetti:
Tags: Aggiungi Tag
Nessun Tag, puoi essere il primo ad aggiungerne!!

MARC

LEADER 00000naa$a2200000$$$4500
001 0060931
005 20231019113921.8
041 0 |a cze 
044 |a CZ 
245 1 0 |a [Jazykové vzdělávání ve firmách] 
520 |a Z obsahu - Aj pre jazykovú výuku platí time management, Ako vyberať vhodnú jazykovú školu, Koľko jazykov poznáte, toľkokrát viac šancí máte, K jazykovému vzdelávaniu pristupujme diferencovane, Potrebujete naliehavo dobrých prekladateľov ? Východiskom je jazykový audit, Meranie efektívnosti jazykovej výuky. 
610 2 0 |a firmy 
610 2 0 |a vyučovanie 
610 2 0 |a efektívnosť 
610 2 0 |a jazyky cudzie 
610 2 0 |a školy 
610 2 0 |a audit